000 00348nam a2200133Ia 4500
005 20251222154427.0
008 251222s9999||||xx |||||||||||||| ||spa||
020 _a9788478854325
082 _a616.891/A88
245 0 _aPosibilidades Terapéuticas y Límites en Psiquiatria
250 _a1ra.ed.
264 _bAula Médica Ediciones
942 _cLIB
999 _c36285
_d36285